| 000 | 00637nam a2200217Ia 4500 | ||
|---|---|---|---|
| 003 | OSt | ||
| 005 | 20251003102109.0 | ||
| 008 | 210210b1981 xxu||||| |||| 00| 0 eng d | ||
| 040 | _cAL | ||
| 041 | _aKannada | ||
| 082 | _aK894.2 MITK | ||
| 100 |
_aMITRA (Shambu) _dಮಿತ್ರ (ಶಂಭು) _9241219 |
||
| 245 |
_aKurudu kanchana. _bಕುರುಡು ಕಾಂಚಾಣ |
||
| 260 |
_aMaisuru _bSuruchi Prakashana _c1981 |
||
| 300 | _a104 | ||
| 650 |
_aPrema Karant _9241220 |
||
| 690 |
_aKannada Drama _9241221 |
||
| 700 |
_aMAITRA (Amit). _dಮಿತ್ರ (ಅಮಿತ್) _9241222 |
||
| 906 | _aSG03180 | ||
| 942 |
_2ddc _cSG |
||
| 999 |
_c113976 _d113976 |
||